One flew over the cuckoo's nest

Ένας φυλακισμένος μεταφέρεται σε ένα ψυχιατρείο, γιατί οι αρμόδιοι πιστέυουν ότι είναι ψυχοπαθής. Αυτός όμως θα αναστατώσει τη ζωή του ιδρύματος και θα έρθει σε σύγκρουση με τη διεύθυνση....

Πλήρης περιγραφή

Αποθηκεύτηκε σε:
Λεπτομέρειες βιβλιογραφικής εγγραφής
Άλλοι συγγραφείς: Forman, Milos (Διευθυντής), Nicholson, Jack (Ηθοποιός)
Μορφή: Διαφάνειες
Γλώσσα:English
Multiple
Δημοσίευση: [S.l.] : Warner Home Video, c1975, 2002.
Έκδοση:Two-disc special ed.
Θέματα:
Ετικέτες: Προσθήκη ετικέτας
Δεν υπάρχουν, Καταχωρήστε ετικέτα πρώτοι!

MARC

LEADER 00000cgm a2200000 i 4500
001 1/77868
008 080319s1975 xx ||| | || ||eng||
035 |l 10095597 
040 |a GR-MyUa  |b gre  |e AACR2 
041 0 |a eng  |j mul 
082 7 |a 791.437   |2 (22) 
245 0 0 |a One flew over the cuckoo's nest   |h [μαγνητοσκόπηση] /   |c directed by Milos Forman. 
250 |a Two-disc special ed. 
260 |a [S.l.] :   |b Warner Home Video,   |c c1975, 2002. 
300 |a 2 βιντεοδίσκοι (129 λεπτ.) :   |b ομίλ., έγχρ. ;   |c 4 3/4 ίν. +   |e 1 φυλλάδιο 
500 |a Κυκλοφόρησε πρώτη φορά ως κινηματογραφική ταινία το 1975. 
505 8 |a DVD 1 Η ταινία -- DVD 2 Special features. 
508 |a Σενάριο, Lawrence Hauben και Bo Goldman ; βασισμένο στο μυθιστόρημα του Ken Kesey ; φωτογραφία, Haskell Wexler ; μουσική, Jack Nitzsche ; παραγωγή, Saul Zaentz και Michael Douglas. 
511 0 |a Jack Nicholson, Louise Fletcher, William Redfield. 
520 8 |a Ένας φυλακισμένος μεταφέρεται σε ένα ψυχιατρείο, γιατί οι αρμόδιοι πιστέυουν ότι είναι ψυχοπαθής. Αυτός όμως θα αναστατώσει τη ζωή του ιδρύματος και θα έρθει σε σύγκρουση με τη διεύθυνση. 
546 |a Στα αγγλικά με υπότιτλους στα ελληνικά. 
586 8 |a 5 Βραβεία Όσκαρ 
650 0 |a Mentally ill  |v Drama. 
655 7 |a Feature films  |2 lcgft 
700 1 |a Forman, Milos,  |e drt 
700 1 |a Nicholson, Jack,  |e act 
852 |a INST  |b SYROS  |c AV  |e 20080319  |h 791.437 FOR  |p 005500007156  |q 005500007156  |t DVD  |y 23  |z Disc.1 
852 |a INST  |b SYROS  |c AV  |e 20080319  |h 791.437 FOR  |p 005500007157  |q 005500007157  |t DVD  |y 23  |z Disc.2 
852 |a INST  |b SYROS  |c AV  |e 20080319  |h 791.437 FOR  |p 005500007156  |q 005500007156  |t DVD  |v Disc.1:  |y 23  |z Disc.1 
852 |a INST  |b SYROS  |c AV  |e 20080319  |h 791.437 FOR  |p 005500007157  |q 005500007157  |t DVD  |v Disc.2:  |y 23  |z Disc.2 
853 |a INST  |b SYROS  |c AV  |h 791.437 FOR 
901 |a BIBL5-2008-1 
922 |a 5ΕΛΗ  |b 200709  |c Βιβλιοθήκη Σύρου  |d Anaco 
970 |a Κοντού  |b Παρασκευή  |z 19/03/2008